LEADER 01202nam a22003255i 4500 001 991002230559707536 007 cr nn 008mamaa 008 121227s1991 de | s |||| 0|eng d 020 $a9783540466413 035 $ab14141577-39ule_inst 040 $aBibl. Dip.le Aggr. Matematica e Fisica - Sez. Matematica$beng 082 04$a515$223 084 $aAMS 34D15 084 $aAMS 30E15 084 $aAMS 14E20 100 1 $aSimpson, Carlos$059536 245 10$aAsymptotic behavior of monodromy$h[e-book] :$bsingularly perturbed differential equations on a Riemann Surface /$cby Carlos Simpson 260 $aBerlin :$bSpringer,$c1991 300 $a1 online resource (vi, 142 p.) 440 0$aLecture Notes in Mathematics,$x0075-8434 ;$v1502 650 0$aMathematics 650 0$aGeometry, algebraic 650 0$aGlobal analysis (Mathematics) 773 0 $aSpringer eBooks 856 40$uhttp://dx.doi.org/10.1007/BFb0094551$zAn electronic book accessible through the World Wide Web 907 $a.b14141577$b03-03-22$c05-09-13 912 $a991002230559707536 996 $aAsymptotic behavior of monodromy$978661 997 $aUNISALENTO 998 $ale013$b05-09-13$cm$d@ $e-$feng$gde $h0$i0 LEADER 04313nam 2200997 450 001 9910495963703321 005 20240228003648.0 010 $a0-585-07948-X 010 $a0-520-91394-9 024 7 $a10.1525/9780520913943 035 $a(CKB)111057870443200 035 $a(SSID)ssj0000232970 035 $a(PQKBManifestationID)12041286 035 $a(PQKBTitleCode)TC0000232970 035 $a(PQKBWorkID)10220829 035 $a(PQKB)10883091 035 $a(DE-B1597)544289 035 $a(OCoLC)1149396951 035 $a(DE-B1597)9780520913943 035 $a(dli)HEB33180 035 $a(MiU) MIU01100000000000000000779 035 $a(MiAaPQ)EBC30495705 035 $a(Au-PeEL)EBL30495705 035 $a(EXLCZ)99111057870443200 100 $a20230801d1993 uy 0 101 0 $aeng 135 $aur||#|||||||| 181 $ctxt 182 $cc 183 $acr 200 10$aReading Columbus /$fMargarita Zamora 205 $aFirst edition. 210 1$aBerkeley, California :$cUniversity of California Press,$d[1993] 210 4$dİ1993 215 $a1 online resource (264 p.) 225 1 $aLatin American Literature and Culture Series ;$vVolume 9 300 $aBibliographic Level Mode of Issuance: Monograph 311 0 $a0-520-08297-4 311 0 $a0-520-08052-1 320 $aIncludes bibliographical references and index. 327 $tFront matter --$tContents --$tIllustrations --$tAcknowledgments --$tNote on Editions and Translations --$tIntroduction --$tReading Columbus --$t"This present year of 1492" --$t"All these are the Admiral's exact words" --$tIn the Margins of Columbus --$tVoyage to Paradise --$tGender and Discovery --$tAPPENDIX. Carta a los Reyes de 4 marzo 1493 --$tLetter to the Sovereigns of 4 March 1493 --$tNotes --$tBibliography --$tIndex 330 $aChristopher Columbus authored over a hundred documents, many of them letters giving testimony on the Discovery to Isabela and Ferdinand. In this first book in English to focus specifically on these writings, Margarita Zamora offers an original analysis of their textual problems and ideological implications. Her comprehensive study takes into account the newly discovered "Libro Copiador," which includes previously unknown letters from Columbus to the Crown. Zamora examines those aspects of the texts that have caused the most anxiety and disagreement among scholars--questions concerning Columbus's destination, the authenticity and authority of the texts attributed to him, Las Casas's editorial role, and Columbus's views on the Indians. In doing so she opens up the vast cultural context of the Discovery. Exploring the ways in which the first images of America as seen through European eyes both represented and helped shape the Discovery, she maps the inception and growth of a discourse that was to dominate the colonizing of the New World. 410 0$aLatin American literature and culture (Berkeley, Calif.) ;$vVolume 9. 607 $aAmerica$vEarly accounts to 1600$xHistory and criticism 610 $a1492. 610 $aappropriation. 610 $aauthenticity. 610 $aauthority. 610 $acartography. 610 $achristopher columbus. 610 $acolonialism. 610 $acolumbus. 610 $adestination. 610 $adiscovery of the americas. 610 $adiscovery. 610 $aexpeditions. 610 $aexploration. 610 $aferdinand. 610 $agender. 610 $aideology. 610 $aindigenous peoples. 610 $aisabela. 610 $ajourney. 610 $alas casas. 610 $alatin america. 610 $alatin american history. 610 $alatin american literature and culture series. 610 $alibro copiador. 610 $aliterary letters. 610 $anative americans. 610 $anative peoples. 610 $apilgrimage. 610 $atestimony. 610 $athe crown. 610 $athe new world. 610 $atravel narratives. 610 $aworld history. 676 $a970.015 700 $aZamora$b Margarita$01008841 801 0$bMiAaPQ 801 1$bMiAaPQ 801 2$bMiAaPQ 906 $aBOOK 912 $a9910495963703321 996 $aReading Columbus$92808868 997 $aUNINA